000 00569nam a22001817a 4500
003 UA-OsUOA
001 16928
007 ta
008 20040203b un ||||| |||| 00| 0 ukr d
100 _aПопенко В.
942 _cSA
040 _aUA-OsUOA
_cUA-OsUOA
_dUA-OsUOA
245 _a"Кого, коли й за що...":( Роздуми над "Книгою Пам'яті і Слави Волині")
300 _aС.6
955 _a0
773 0 _w0
_tВільне слово
_dРівне
_d2004
_g№6/ 21 січ./
650 7 _aІсторія
_2UDC
999 _c303096
_d303096